|
|
|
|
| LEADER |
00000nam a2200000 4500 |
| 005 |
20240718154711.0 |
| 008 |
230313b2017 a|||| |||| 00| | spa d |
| 090 |
|
|
|a 06.02.01
|
| 245 |
|
|
|a Educación en Costa Rica: Aspectos destacados [Resumen]
|
| 260 |
|
|
|a [Lugar d epublicación no identificado] :
|b OCDE,
|c 2017
|
| 300 |
|
|
|a 28 páginas;
|b ilustraciones; 1 recurso en línea; PDF
|
| 650 |
1 |
4 |
|9 1
|a EDUCACIÓN
|
| 650 |
1 |
4 |
|9 287
|a EVALUACIÓN
|
| 650 |
1 |
4 |
|9 267
|a INFORMES
|
| 856 |
|
|
|u https://uir.inie.ucr.ac.cr/cgi-bin/koha/opac-retrieve-file.pl?id=81f25b2c7ec69c183b0d48c74e7adb88
|
| 942 |
|
|
|i PDF0010
|h 06.02.01
|2 z
|c 01
|h 06.02.01
|6 060201_PDF0010
|
| 999 |
|
|
|c 4000
|d 4000
|